| 000 | 00973nam a2200265 i 4500 | ||
|---|---|---|---|
| 001 | 000016302 | ||
| 003 | DO-SdBNP | ||
| 005 | 20240124144149.0 | ||
| 007 | ta | ||
| 008 | 100303e1990 dr er 000 e spa d | ||
| 040 |
_aDO-SdBNP _bspa _cBNPHU _erda |
||
| 082 | 4 |
_a282.8 _bC748p _222 |
|
| 111 | 1 |
_aConferencia general del espicopado latinoamericano _n(3a : _d1979 : _cPuebla, México) _936392 |
|
| 245 | 1 | 0 |
_aPuebla : _bla evangelización en el presente y en el futuro de América Latina / |
| 264 |
_aSanto Domingo : _bConsejo Epicopal Latinoamericano, _c1990 |
||
| 300 |
_a284 páginas ; _c22 cm. |
||
| 336 |
_2rdacontent _atexto _btxt |
||
| 337 |
_2rdamedia _asin mediación _bn |
||
| 338 |
_2rdacarrier _avolumen _bnc |
||
| 500 | _aIncluye índice analítico al pie de la página. | ||
| 500 | _aIncluye abreviatura. | ||
| 590 | _aInventariado, 2024/MF | ||
| 650 | 4 |
_aIglesia católica _xCongresos, conferencias, ect. _y1990 _zAmérica Latina. _981054 |
|
| 942 |
_2ddc _cLBS1 |
||
| 999 |
_c15837 _d15837 |
||